000
00223 a2200109 4500
003
Nust
005
20170207154228.0
040
_c
Nust
082
_a
371.33
245
_a
Fools Rush (VHF-63)
440
_a
Fools Rush (VHF-63)
538
_a
Duration Mins 102
999
_c
195672
_d
195672